Holy Roman Emperors - Statistics

General Stats
  • This quiz has been taken 230 times
  • The average score is 16 of 27
Answer Stats
Reign House Monarch % Correct
1347-1378 Luxembourg Charles IV
94%
1519-1556 Habsburg Charles V
94%
1711-1740 Habsburg Charles VI
94%
1742-1745 Habsburg Charles VII
94%
1745-1765 Habsburg Francis I
79%
1792-1806 Habsburg-Lorraine Francis II
79%
1439-1493 Habsburg Frederick III
72%
1556-1564 Habsburg Ferdinand I
69%
1619-1637 Habsburg Ferdinand II
69%
1637-1657 Habsburg Ferdinand III
69%
1493-1519 Habsburg Maximillian I
68%
1564-1576 Habsburg Maximillian II
68%
1705-1711 Habsburg Joseph I
66%
1765-1790 Habsburg-Lorraine Joseph II
66%
1308-1313 Luxembourg Henry VII
64%
1657-1705 Habsburg Leopold I
58%
1790-1792 Habsburg-Lorraine Leopold II
58%
1273-1291 Habsburg Rudolph I
57%
1576-1612 Habsburg Rudolph II
57%
1313-1347 Wittelsbach Louis IV
55%
1410-1437 Luxembourg Sigismund
44%
1298-1308 Habsburg Albert I
42%
1437-1439 Habsburg Albert II
42%
1612-1619 Habsburg Matthias
42%
1291-1298 Nassau Adolph
23%
1378-1400 Luxembourg Wenceslaus
14%
1400-1410 Wittelsbach Rupert
10%
No matching quizzes found
Score Distribution
Percent of People with Each Score
Percentile by Number Answered
Your Score History
You have not taken this quiz